| 000 | 00847nam a22002651 4500 | ||
|---|---|---|---|
| 001 | 23320 | ||
| 003 | BD-RjUL | ||
| 005 | 20211209000921.0 | ||
| 008 | 140310s1964 njuab b 001 0 eng | ||
| 035 | _a(BD-RjUL)23385 | ||
| 040 |
_aDLC _cDLC _dDLC _dBD-RjUL _beng |
||
| 041 | _aeng | ||
| 082 | 0 | 0 |
_a917 _bWHR 1964 |
| 100 | 1 |
_aWhite, C. Langdon _q(Charles Langdon), _d1897- _971849 |
|
| 245 | 1 | 0 |
_aRegional geography of Anglo-America / _cC. Langdon White, Edwin J. Foscue [and] Tom L. McKnight. |
| 250 | _a3d ed. | ||
| 260 |
_aEnglewood Cliffs, N.J. : _bPrentice-Hall, _cc1964. |
||
| 300 |
_axvii, 524 p. : _bill., maps. ; _c26 cm. |
||
| 504 | _aIncludes bibliographies and index. | ||
| 651 | 0 |
_aUnited States _xGeography. _935568 |
|
| 651 | 0 |
_aCanada _xGeography. _971594 |
|
| 942 |
_2ddc _cBK |
||
| 999 |
_c23320 _d23320 |
||